000 01492nab a22002777a 4500
999 _c6433
_d6433
003 OSt
005 20260203093329.0
008 190429b xxu||||| |||| 00| 0 spa d
040 _cPJ
100 _97060
_aCavallo Augé, Franco
245 1 0 _aConsideraciones para el debate de las drogas en la República Argentina /
_cFranco Cavallo Augé.
260 _cCiudad Autónoma de Buenos Aires :
_aThomson Reuters La Ley,
_b2023.
300 _ap. 11-26
500 _aCita Online: AR/DOC/2681/2023.
505 _aSumario: I. Introducción.— II. Relato preliminar: la utilización de sustancias y los orígenes de su prohibición.— III. Breve reseña histórica de la prohibición en la República Argentina.— IV. Régimen Penal de Estupefacientes: regulación actual y sus principales problemáticas.— V. ¿Qué podemos aprender de la normativa española?— VI. Reflexiones finales.— VII. Bibliografía consultada.
505 _tSi te interesa el texto completo, solicitalo a koha@justierradelfuego.gov.ar
650 0 _9343
_aDERECHO PENAL
650 0 _92870
_aESTUPEFACIENTES
650 0 _9766
_aCONSTITUCION NACIONAL
650 0 _9179
_aGARANTIAS CONSTITUCIONALES ›
650 0 _9234
_aDERECHO COMPARADO
650 0 _aDEFENSA EN JUICIO
_9586
650 0 _aVÍCTIMA DEL DELITO
_93047
773 0 _02658
_93164
_tRevista de derecho penal y criminología. Nº 11 - Diciembre 2023
_dCiudad Autónoma de Buenos Aires : Thomson Reuters La Ley, 2017-
_x00347914
942 _2udc
_cANA